| 000 | 00365pab a2200145 454500 | ||
|---|---|---|---|
| 008 | 180718b1983 xxu||||| |||| 00| 0 eng d | ||
| 100 | _aShull, Steven A. | ||
| 245 | _aChange in presidential policy initiatives | ||
| 260 | _c1983 | ||
| 300 | _a491-8 | ||
| 362 | _aSept. | ||
| 650 | _aPresidents - U.S.A. | ||
| 773 | _aWestern Political Quarterly | ||
| 909 | _a15990 | ||
| 999 |
_c15990 _d15990 |
||